000
00216 a2200097 4500
001
48313
100
_a
Brierly, J.L
245
_a
The law of nations
260
_a
London
_b
Oxford univ press
_c
090
_c
31263
_d
31263
942
_a
NUST-CAE
_c
M
_c
23629
999
_c
283386
_d
283386